Bác sĩ Zhivago (Tiểu thuyết)

Salvato in:
Dettagli Bibliografici
Autore principale: Pasternak, Boris
Natura: Libro
Lingua:Undetermined
Pubblicazione: Thành phố Hồ Chí Minh Nhà xuất bản Thành phố Hồ Chí Minh 1999
Soggetti:
Tags: Aggiungi Tag
Nessun Tag, puoi essere il primo ad aggiungerne! !
Thư viện lưu trữ: Trung tâm Học liệu Trường Đại học Cần Thơ
LEADER 00697nam a2200205Ia 4500
001 CTU_35127
008 210402s9999 xx 000 0 und d
020 |c 35000 
082 |a 891.7342 
082 |b P291/T.1 
100 |a Pasternak, Boris 
245 0 |a Bác sĩ Zhivago 
245 0 |b (Tiểu thuyết) 
245 0 |c Boris Pasternak; Dịch giả: Hoàng Ngọc Biên, Nguyễn Đức Dương 
260 |a Thành phố Hồ Chí Minh 
260 |b Nhà xuất bản Thành phố Hồ Chí Minh 
260 |c 1999 
650 |a Russian fiction,Russian literature 
650 |y 20th century,20th century 
980 |a Trung tâm Học liệu Trường Đại học Cần Thơ